000
00251nam a2200109Ia 4500
008
220204s9999 xx 000 0 und d
082
_a
82-3
_b
KIN;1
100
_a
King, Hugh
245
0
_a
Eve de paris
260
_a
New York
_b
Berkley
_c
1977
942
_c
BK
999
_c
30961
_d
30961